Pocket handbook on electrical measurements

Uloženo v:
Podrobná bibliografie
Korporativní autor: Siemens Aktiengesellschaft
Médium: Kniha
Jazyk:English
Vydáno: Berlin : Siemens Aktiengesellschaf 1966
Témata:
Tagy: Přidat tag
Žádné tagy, Buďte první, kdo vytvoří štítek k tomuto záznamu!

MARC

LEADER 00000nam a2200000Ia 4500
003 000791
005 20221231143944.0
008 140114s1966 gw a 000 ||eng d
040 |c cru CEDI 
082 |a 621.374 P739pp 
245 |a Pocket handbook on electrical measurements  
260 |a Berlin : Siemens Aktiengesellschaf  |c 1966 
300 |a viii, 257 páginas ; ilustraciones  
650 |x ENERGIA ELECTRICA  |x  TABLAS, CALCULO, ETC.  |9 19357 
710 |9 19356  |a Siemens Aktiengesellschaft. 
942 |2 ddc  |c BK 
999 |c 14746  |d 14746